Content reading instruction (Record no. 20222)

MARC details
000 -LEADER
fixed length control field 00478nam a22001697a 4500
003 - CONTROL NUMBER IDENTIFIER
control field OSt
005 - DATE AND TIME OF LATEST TRANSACTION
control field 20211125155241.0
008 - FIXED-LENGTH DATA ELEMENTS--GENERAL INFORMATION
fixed length control field 211125b |||||||| |||| 00| 0 eng d
020 ## - INTERNATIONAL STANDARD BOOK NUMBER
International Standard Book Number 007557716X
040 ## - CATALOGING SOURCE
Transcribing agency HU
082 ## - DEWEY DECIMAL CLASSIFICATION NUMBER
Classification number 428.40712
100 ## - MAIN ENTRY--PERSONAL NAME
Personal name Conley, Mark William
9 (RLIN) 20599
245 ## - TITLE STATEMENT
Title Content reading instruction
Remainder of title a communication approach
260 ## - PUBLICATION, DISTRIBUTION, ETC.
Place of publication, distribution, etc. New York :
Name of publisher, distributor, etc. McGraw-Hil
Date of publication, distribution, etc. 1992.
300 ## - PHYSICAL DESCRIPTION
Extent xiv, 416 pages : illustrations
Other physical details HC
Dimensions ; 24 cm
942 ## - ADDED ENTRY ELEMENTS (KOHA)
Source of classification or shelving scheme Dewey Decimal Classification
Koha item type Books like text book referance book
Suppress in OPAC No
Holdings
Withdrawn status Lost status Source of classification or shelving scheme Damaged status Not for loan Collection code Home library Current library Shelving location Date acquired Total Checkouts Full call number Barcode Date last seen Copy number Price effective from Koha item type
    Dewey Decimal Classification     Reference Wondo Genet Library Wondo Genet Library General Stacks 11/25/2021   428.40712 CON 1992 WGCFNRL00009017 11/25/2021 1 11/25/2021 Books like text book referance book